Les 20 voitures les plus vendues en France (2017) - Statistiques

Statistiques générales
  • Ce quiz a été pris 748 fois
  • Le résultat moyen est 15 sur 20
Statistiques - réponses
% des ventes en France Marque Modèle % Correct
5,7 % Renault Clio
96%
4,8 % Peugeot 208
93%
1,3 % Volkswagen Golf
89%
3,3 % Peugeot 3008
88%
3,2 % Citroën C3
88%
1,8 % Volkswagen Polo
87%
3,3 % Peugeot 308
86%
1,3 % Citroën C4 Picasso
85%
3,0 % Dacia Sandero
85%
1,8 % Dacia Duster
80%
2,5 % Renault Mégane
80%
1,2 % Opel Corsa
77%
3,4 % Peugeot 2008
76%
1,4 % Toyota Yaris
75%
1,8 % Renault Twingo
67%
3,3 % Renault Captur
60%
1,3 % Renault Scenic
58%
1,2 % Nissan Qashqai
52%
1,3 % Volkswagen Tiguan
49%
1,5 % Renault Kadjar
40%
Aucun quiz correspondant
Distribution des résultats
% des personnes avec chaque résultat
Percentile par nombre de réponses
Votre historique - résultats
Vous n’avez pas pris ce quiz